[Event "em-team men"]
[Site "?"]
[Date "2003.10.18"]
[Round "7.12"]
[White "Gallagher, Joseph"]
[Black "Van Beers, Eddy"]
[Result "1-0"]
[WhiteElo "2522"]
[BlackElo "2431"]
[PlyCount "115"]
[EventDate "2003.10.18"]

1. e4 c5 2. Nc3 Nc6 3. Nf3 e5 4. Bc4 d6 5. O-O Be7 6. d3 Nf6 7. Ng5 O-O 8. f4
exf4 9. Bxf4 h6 10. Nf3 Be6 11. Nd5 Bxd5 12. exd5 Na5 13. Nh4 Nxc4 14. dxc4
Nxd5 15. Qxd5 Bxh4 16. Rad1 b6 17. Bxd6 Be7 18. Be5 Bg5 19. Bd6 Be7 20. Bf4 Bf6
21. c3 Qxd5 22. cxd5 Rad8 {Diagram #} 23. Bxh6 Bxc3 24. bxc3 gxh6 25. c4 Rfe8
26. Rfe1 Rxe1+ 27. Rxe1 b5 28. cxb5 Rxd5 29. a4 Rd4 30. a5 Ra4 31. Re8+ Kg7 32.
a6 Kf6 33. Kf2 Ra5 34. Rb8 Ke5 35. Rb7 f5 36. Rxa7 Rxb5 37. Ra8 Rb2+ 38. Ke3
Rb3+ 39. Ke2 Rb2+ 40. Kd3 Kf4 41. a7 Ra2 {Diagram #} 42. g4 Ra3+ 43. Kc4 Kxg4
44. Rg8+ Kh3 45. a8=Q Rxa8 46. Rxa8 Kxh2 47. Rg8 h5 48. Kd3 h4 49. Ke3 c4 50.
Kf2 Kh3 51. Rg1 c3 52. Kf3 Kh2 53. Rc1 h3 54. Rc2+ Kg1 55. Kg3 f4+ 56. Kxh3 f3
57. Kg3 f2 58. Rxf2 1-0

[Event "em-team men"]
[Site "?"]
[Date "2003.10.18"]
[Round "7.13"]
[White "Dizdarevic, Emir"]
[Black "Belotti, Bruno"]
[Result "1/2-1/2"]
[WhiteElo "2507"]
[BlackElo "2426"]
[PlyCount "64"]
[EventDate "2003.10.18"]

1. Nf3 Nf6 2. g3 d5 3. Bg2 e6 4. O-O Be7 5. c4 O-O 6. b3 c5 7. cxd5 Nxd5 8. Nc3
Bf6 9. Bb2 Nc6 10. Qc1 Nxc3 11. dxc3 Qc7 12. Qe3 b6 13. Nd2 Bb7 14. Ne4 Be7 15.
c4 Rad8 16. Rad1 Rxd1 17. Rxd1 Rd8 18. Rxd8+ Qxd8 19. Qd2 f5 20. Qxd8+ Nxd8 21.
Nd2 Bxg2 22. Kxg2 Kf7 23. e4 Nc6 24. f4 Bf6 25. Bxf6 Kxf6 26. e5+ Ke7 27. Nb1
h6 28. Nc3 Nd4 29. Kf2 Kd7 30. Nb5 Nxb5 31. cxb5 Ke7 32. Kf3 Kf7 1/2-1/2

[Event "em-team men"]
[Site "?"]
[Date "2003.10.18"]
[Round "7.14"]
[White "McMahon, Daire"]
[Black "Sepp, Olav"]
[Result "0-1"]
[WhiteElo "2221"]
[BlackElo "2429"]
[PlyCount "81"]
[EventDate "2003.10.18"]

1. d4 Nf6 2. c4 g6 3. Nc3 Bg7 4. e4 d6 5. Bd3 O-O 6. Nge2 Nc6 7. O-O Nh5 8. Be3
e5 9. d5 Ne7 10. Qd2 f5 11. exf5 gxf5 12. f4 Ng6 13. g3 Kh8 14. Rac1 Bd7 15. c5
exf4 16. Nxf4 Ngxf4 17. gxf4 Rg8 18. Kh1 Qh4 19. Qf2 Qxf2 20. Rxf2 Rae8 21. Rf3
dxc5 22. Bxc5 b6 23. Bf2 Nf6 24. Bc4 Ne4 25. Rd1 Nd6 26. Bb3 Bf6 27. Rfd3 Rg4
28. Bg3 a5 29. Rc1 h5 30. Bd1 {Diagram #} 30... h4 31. Bxg4 fxg4 32. Bf2 Bf5
33. Rd2 Nc4 34. Re2 Rxe2 35. Nxe2 Be4+ 36. Kg1 Nd2 37. Rxc7 Nf3+ 38. Kf1 Nxh2+
39. Ke1 Nf3+ 40. Kd1 Bxd5 41. Nc3 0-1

[Event "em-team men"]
[Site "?"]
[Date "2003.10.18"]
[Round "7.18"]
[White "Kett, Tim"]
[Black "Theocharides, Constantinos"]
[Result "0-1"]
[WhiteElo "2145"]
[BlackElo "2105"]
[PlyCount "120"]
[EventDate "2003.10.18"]

1. e4 c5 2. Nf3 d6 3. d4 cxd4 4. Nxd4 Nf6 5. Nc3 g6 6. Be3 Bg7 7. f3 Nc6 8. Bc4
O-O 9. Qd2 Bd7 10. O-O-O Ne5 11. Bb3 Qa5 12. h4 Rfc8 13. Kb1 b5 14. Ncxb5 Qxd2
15. Rxd2 Rab8 16. Nc3 a5 17. a4 Nc4 18. Bxc4 Rxc4 19. Ndb5 Bxb5 20. axb5 Nd7
21. h5 Bxc3 22. bxc3 Rxb5+ 23. Kc1 Ra4 24. Rdd1 Ne5 25. Kd2 Nc4+ 26. Ke2 Nxe3
27. Kxe3 gxh5 28. Rd5 Rxd5 29. exd5 Rc4 30. Kd3 Rc5 31. Rxh5 a4 32. c4 a3 33.
Rh1 a2 34. Kc3 Kg7 35. Ra1 Ra5 36. Kb4 Ra8 37. c5 dxc5+ 38. Kb5 Kf6 39. c4 Ke5
40. Kxc5 h5 41. Kb4 h4 42. Kb3 Kd4 43. Rd1+ Ke3 44. Ra1 Kd4 45. Rd1+ Kc5 46.
Ra1 Ra6 47. Kc3 Ra4 48. Kb3 Rb4+ 49. Kc3 Rxc4+ 50. Kb3 Rb4+ 51. Ka3 Kb5 52.
Rxa2 Ra4+ 53. Kb3 Rxa2 54. Kxa2 Kc4 55. Kb2 Kxd5 56. Kc3 Ke5 57. Kd3 Kf4 58.
Ke2 Kg3 59. Kf1 f5 60. Kg1 e5 0-1

[Event "em-team men"]
[Site "?"]
[Date "2003.10.18"]
[Round "7.1"]
[White "Kempinski, Robert"]
[Black "Khalifman, Alexander"]
[Result "1/2-1/2"]
[WhiteElo "2561"]
[BlackElo "2678"]
[PlyCount "48"]
[EventDate "2003.10.18"]

1. d4 Nf6 2. c4 g6 3. g3 Bg7 4. Bg2 d5 5. cxd5 Nxd5 6. Nf3 Nb6 7. O-O Nc6 8. e3
O-O 9. Nc3 Re8 10. d5 Na5 11. Nd4 Bd7 12. Nb3 Nxb3 13. Qxb3 c6 14. e4 cxd5 15.
exd5 Qc8 16. Bf4 Qc4 17. Rac1 Rac8 18. Rfe1 h6 19. h4 Qa6 20. Bf1 Qa5 21. Nb5
Rxc1 22. Rxc1 Rc8 23. Rxc8+ Nxc8 24. Nc3 Qb6 1/2-1/2

[Event "em-team men"]
[Site "?"]
[Date "2003.10.18"]
[Round "7.3"]
[White "Fressinet, Laurent"]
[Black "Mchedlishvili, Mikheil"]
[Result "0-1"]
[WhiteElo "2654"]
[BlackElo "2557"]
[PlyCount "62"]
[EventDate "2003.10.18"]

1. e4 e6 2. d4 d5 3. e5 c5 4. c3 Nc6 5. Nf3 Bd7 6. a3 f6 7. b4 c4 8. Bf4 Nge7
9. Nbd2 Ng6 10. Bg3 fxe5 11. dxe5 b5 12. h4 Nge7 13. h5 a5 14. h6 Ng6 15. Be2
gxh6 16. Nh4 Ncxe5 17. Bxe5 Nxe5 18. Bh5+ Ke7 19. O-O Bg7 20. Qe2 Qb6 21. Kh1
Rhf8 22. Rad1 axb4 23. axb4 Nd3 24. Ndf3 Nf4 25. Qc2 Nxh5 26. Qxh7 Be8 27. Rfe1
Kd8 28. g4 Rxf3 29. Rxd5+ exd5 30. Qg8 Rf8 31. Qxd5+ Bd7 0-1

[Event "em-team men"]
[Site "?"]
[Date "2003.10.18"]
[Round "7.4"]
[White "Ivanisevic, Ivan"]
[Black "Baklan, Vladimir"]
[Result "0-1"]
[WhiteElo "2548"]
[BlackElo "2600"]
[PlyCount "62"]
[EventDate "2003.10.18"]

1. Nf3 Nf6 2. c4 e6 3. Nc3 Bb4 4. Qc2 O-O 5. a3 Bxc3 6. Qxc3 b6 7. g3 Bb7 8.
Bg2 c5 9. b4 d6 10. Bb2 Nbd7 11. O-O Rc8 12. d3 d5 13. cxd5 exd5 14. e3 Re8 15.
b5 a6 16. a4 Ra8 17. Rfe1 Qc7 18. Nh4 Ne5 19. e4 d4 20. Qb3 axb5 21. axb5 Qd7
22. h3 Rxa1 23. Bxa1 Ng6 24. Nf3 Qe6 25. Qc2 Ra8 26. Nd2 Nd5 27. Bf1 Nb4 28.
Qb1 Ra2 29. Rd1 Ne5 30. Be2 Nbxd3 31. Kg2 Bxe4+ 0-1

[Event "em-team men"]
[Site "?"]
[Date "2003.10.18"]
[Round "7.5"]
[White "Varga, Zoltan"]
[Black "Mikhalchishin, Adrian"]
[Result "1/2-1/2"]
[WhiteElo "2558"]
[BlackElo "2522"]
[PlyCount "28"]
[EventDate "2003.10.18"]

1. c4 e5 2. Nc3 Nf6 3. Nf3 Nc6 4. e3 Be7 5. d4 exd4 6. Nxd4 O-O 7. Be2 d5 8.
cxd5 Nb4 9. O-O Nbxd5 10. Nxd5 Qxd5 11. Nb5 Qe5 12. Qd4 Qxd4 13. Nxd4 c5 14.
Nb5 Bd7 1/2-1/2

[Event "em-team men"]
[Site "?"]
[Date "2003.10.18"]
[Round "7.5"]
[White "Gyimesi, Zoltan"]
[Black "Sermek, Drazen"]
[Result "1-0"]
[WhiteElo "2537"]
[BlackElo "2568"]
[PlyCount "57"]
[EventDate "2003.10.18"]

1. d4 d5 2. c4 dxc4 3. Nf3 c5 4. e4 Nf6 5. e5 Nd5 6. Bxc4 e6 7. O-O Nb6 8. Bd3
Nc6 9. dxc5 Bxc5 10. a3 h6 11. Nc3 Nd5 12. Ne4 Be7 13. Qe2 Qc7 14. Ng3 Bd7 15.
b4 a6 16. Bd2 g5 17. Qe4 h5 18. Bxg5 Bxg5 19. Nxg5 Qxe5 20. Nf3 Qf6 21. Bc4 Nc3
22. Qe3 h4 23. Ne2 Nxe2+ 24. Bxe2 O-O-O 25. Rac1 Rdg8 26. Ne5 Be8 27. Bf3 Qg5
28. Qd4 {Diagram #} 28... Qxg2+ 29. Bxg2 1-0

[Event "em-team men"]
[Site "?"]
[Date "2003.10.18"]
[Round "7.7"]
[White "Fedorov, Alexei"]
[Black "Spasov, Vasil"]
[Result "1-0"]
[WhiteElo "2595"]
[BlackElo "2543"]
[PlyCount "61"]
[EventDate "2003.10.18"]

1. e4 c5 2. Nf3 Nc6 3. Nc3 g6 4. d4 cxd4 5. Nxd4 Bg7 6. Be3 Nf6 7. Bc4 O-O 8.
Bb3 a5 9. O-O d6 10. Ndb5 a4 11. Nxa4 Nxe4 12. Qe2 Nf6 13. c4 Be6 14. Rad1 Qb8
15. Nb6 Ra6 16. Nd5 Rc8 17. a3 Bxd5 18. cxd5 Ne5 19. Rc1 Ra8 20. Bd4 Bf8 21. h3
Ned7 22. Ba7 Rxa7 23. Rxc8 Qxc8 24. Nxa7 Qc5 25. Nb5 Bg7 26. Nc3 Nh5 27. Qxe7
Bxc3 28. Rc1 Ne5 29. Rxc3 Qd4 30. Rc8+ Kg7 31. Qf8+ 1-0

[Event "em-team men"]
[Site "?"]
[Date "2003.10.18"]
[Round "7.8"]
[White "Hracek, Zbynek"]
[Black "Nyback, Tomi"]
[Result "1-0"]
[WhiteElo "2578"]
[BlackElo "2497"]
[PlyCount "59"]
[EventDate "2003.10.18"]

1. e4 d6 2. d4 Nf6 3. Nc3 g6 4. Be3 c6 5. h3 e5 6. dxe5 dxe5 7. Qxd8+ Kxd8 8.
Nf3 Bd6 9. O-O-O Ke7 10. Bc4 Be6 11. Bxe6 fxe6 12. Rd3 b6 13. Bg5 Bc7 14. Nd1
h6 15. Bxf6+ Kxf6 16. Ne3 h5 17. g4 Ke7 18. Rhd1 b5 19. gxh5 gxh5 20. Rg1 Kf6
21. Rg5 Na6 22. Rd7 Rag8 23. h4 Bb6 24. Rxe5 Nc5 25. Rd6 Rg1+ 26. Kd2 Rg4 27.
Rxc6 Nxe4+ 28. Ke2 Bxe3 29. Rcxe6+ Kg7 30. Kxe3 1-0

[Event "em-team men"]
[Site "?"]
[Date "2003.10.18"]
[Round "7.8"]
[White "Babula, Vlastimil"]
[Black "Karttunen, Mika"]
[Result "0-1"]
[WhiteElo "2567"]
[BlackElo "2379"]
[PlyCount "50"]
[EventDate "2003.10.18"]

1. d4 d5 2. c4 c6 3. Nf3 Nf6 4. Nc3 a6 5. c5 Nbd7 6. Bf4 Nh5 7. e3 Nxf4 8. exf4
b6 9. cxb6 Qxb6 10. Bd3 Qxb2 11. Rc1 g6 12. O-O Bh6 13. Qa4 Qb7 14. Rb1 Qc7 15.
Rfc1 e6 16. Nxd5 exd5 17. Rxc6 Qd8 18. Re1+ Kf8 19. Rd6 Kg7 20. f5 Re8 21. Rxe8
Qxe8 22. fxg6 hxg6 23. Qc6 Rb8 24. Rxd5 Rb6 25. Qc7 Qe6 0-1

[Event "em-team men"]
[Site "?"]
[Date "2003.10.18"]
[Round "7.8"]
[White "Maki-Uuro, Miikka"]
[Black "Jirovsky, Milos"]
[Result "0-1"]
[WhiteElo "2409"]
[BlackElo "2521"]
[PlyCount "76"]
[EventDate "2003.10.18"]

1. d4 d5 2. c4 e6 3. e3 Nf6 4. Nf3 a6 5. Nbd2 c5 6. b3 Nc6 7. Bb2 cxd4 8. exd4
g6 9. Ne5 Bh6 10. Nxc6 bxc6 11. Bd3 O-O 12. O-O a5 13. Nf3 Nd7 14. h4 Ba6 15.
h5 Qf6 16. a4 Rfb8 17. Qc2 Bg7 18. hxg6 hxg6 19. Bc1 e5 20. cxd5 cxd5 21. Bxa6
Qxa6 22. dxe5 Nxe5 23. Nxe5 Bxe5 24. Bb2 d4 25. Rfd1 d3 26. Qd2 Bxb2 27. Qxb2
Rb4 28. Qc3 Rd8 29. Rac1 Qd6 30. Qc5 Qf6 31. Qxa5 Rxb3 32. Rc6 Qe7 33. Rc3 Rxc3
34. Qxc3 d2 35. a5 Qe2 36. Qc2 Qe1+ 37. Kh2 Qxf2 38. a6 Rd5 0-1

[Event "em-team men"]
[Site "?"]
[Date "2003.10.18"]
[Round "7.9"]
[White "San Segundo, Pablo"]
[Black "Stevic, Hrvoje"]
[Result "0-1"]
[WhiteElo "2524"]
[BlackElo "2555"]
[PlyCount "58"]
[EventDate "2003.10.18"]

1. d4 d5 2. c4 dxc4 3. Nf3 Nf6 4. e3 e6 5. Bxc4 c5 6. O-O a6 7. Bb3 Nc6 8. Nc3
cxd4 9. exd4 Be7 10. Bg5 O-O 11. Qd2 b5 12. Rad1 Na5 13. Bc2 Nc4 14. Qf4 Bb7
15. Qh4 h5 16. d5 exd5 17. Nd4 Nd6 18. Rfe1 Re8 19. Nf5 Nxf5 20. Bxf5 b4 21.
Bxf6 Bxf6 22. Qxb4 Rb8 23. Ne4 Be7 24. Qa4 g6 25. Bh3 Qb6 26. Nc3 Bc6 27. Qf4
Qxb2 28. Nxd5 Bxd5 29. Rxd5 {Diagram #} 29... Bg5 0-1

[Event "em-team men"]
[Site "?"]
[Date "2003.10.18"]
[Round "7.10"]
[White "Dautov, Rustem"]
[Black "Hellsten, Johan"]
[Result "1/2-1/2"]
[WhiteElo "2610"]
[BlackElo "2534"]
[PlyCount "144"]
[EventDate "2003.10.18"]

1. d4 Nf6 2. c4 e6 3. g3 d5 4. Nf3 dxc4 5. Bg2 a6 6. O-O b5 7. Ne5 c6 8. b3
cxb3 9. Nxc6 Qb6 10. Na5 Ra7 11. Nxb3 Rd7 12. e4 Bb7 13. Qe2 Be7 14. Nc3 O-O
15. Be3 Rc8 16. d5 Qd8 17. dxe6 fxe6 18. Rac1 Ba3 19. Rc2 Bb4 20. e5 Bxg2 21.
Kxg2 Nd5 22. Nxd5 Rxc2 23. Nf6+ Qxf6 24. Qxc2 Qxe5 25. Qc8+ Kf7 26. Kg1 Qc7 27.
Qh8 h6 28. Qh7 Nc6 29. Bxh6 Qe5 30. Rc1 Bf8 31. Be3 Qd5 32. Nc5 Bxc5 33. Rxc5
Qf3 34. Qh5+ Qxh5 35. Rxh5 e5 36. Rh8 Rd8 37. Rxd8 Nxd8 38. Kf1 Nc6 39. Ke2 e4
40. Bd2 Ke6 41. g4 Ne5 42. h3 Nc4 43. Bc3 g5 44. f3 exf3+ 45. Kxf3 a5 46. Ke4
b4 47. Be1 Nd6+ 48. Kd4 Nb5+ 49. Kc4 Nd6+ 50. Kb3 Ne4 51. Ka4 Nc5+ 52. Kxa5 b3
53. axb3 Nxb3+ 54. Kb4 Nd4 55. Kc4 Nf3 56. Bf2 Ke5 57. Kd3 Ke6 58. Be3 Ne5+ 59.
Ke4 Nf7 60. Kd4 Kf6 61. Kd5 Nd8 62. Bd4+ Kg6 63. Bb6 Nf7 64. Ke6 Nh6 65. Bc7
Nf7 66. Ke7 Nh6 67. Bb6 Nf7 68. Ke6 Nh6 69. Bd4 Nf7 70. Bf6 Nh6 71. Be7 Nf7 72.
Bf6 Nh6 1/2-1/2

[Event "em-team men"]
[Site "?"]
[Date "2003.10.18"]
[Round "7.11"]
[White "Georgiev, Vladimir"]
[Black "Lalic, Bogdan"]
[Result "1/2-1/2"]
[WhiteElo "2596"]
[BlackElo "2503"]
[PlyCount "101"]
[EventDate "2003.10.18"]

1. c4 e6 2. Nc3 d5 3. d4 Be7 4. Nf3 Nf6 5. e3 O-O 6. Bd3 c5 7. dxc5 dxc4 8.
Bxc4 Qxd1+ 9. Kxd1 Bxc5 10. Ke2 a6 11. Bd3 Nbd7 12. Bd2 b6 13. Ne4 Bb7 14. Nxc5
Nxc5 15. Bb4 Rfc8 16. Bxc5 Rxc5 17. Rhc1 Rac8 18. Rxc5 Rxc5 19. Nd2 Kf8 20. f3
Ke7 21. Nc4 Nd7 22. b4 Rc7 23. Kd2 f5 24. Rc1 b5 25. Na5 Rxc1 26. Kxc1 Bd5 27.
a4 Ne5 28. Be2 Nc6 29. axb5 axb5 30. Nxc6+ Bxc6 31. g3 g5 32. f4 Kf6 33. Kd2 e5
34. Kc3 h6 35. Bf1 Bd7 36. Bg2 Be6 37. Bf1 Bd7 38. Be2 Bc6 39. Kd2 Be8 40. Bf3
Bf7 41. Bc6 Bc4 42. Bd7 Bf1 43. Bc8 Bc4 44. Bb7 Be6 45. Bc6 Bc4 46. Ke1 Ke6 47.
Kf2 Kf6 48. Kf3 Bd3 49. Bd5 Be4+ 50. Bxe4 g4+ 51. Ke2 1/2-1/2

[Event "em-team men"]
[Site "?"]
[Date "2003.10.18"]
[Round "7.11"]
[White "Nedev, Trajce"]
[Black "Wells, Peter K"]
[Result "1-0"]
[WhiteElo "2480"]
[BlackElo "2485"]
[PlyCount "123"]
[EventDate "2003.10.18"]

1. e4 c5 2. Nf3 Nc6 3. Nc3 d6 4. d4 cxd4 5. Nxd4 Nf6 6. Bg5 e6 7. Qd2 Be7 8.
O-O-O O-O 9. f4 Nxd4 10. Qxd4 Qa5 11. Bc4 Bd7 12. Rhe1 Bc6 13. f5 b5 14. Bb3 b4
15. e5 bxc3 16. Bxf6 dxe5 17. Qxe5 cxb2+ 18. Kb1 Qxe5 19. Bxe5 exf5 20. Bxg7
Kxg7 21. Rxe7 Bxg2 22. Rdd7 Kf6 23. Kxb2 a5 24. Bxf7 f4 25. Bc4 Rab8+ 26. Kc1
Bh3 27. Rf7+ Rxf7 28. Rxf7+ Kg5 29. Rg7+ Kf6 30. Rf7+ Kg5 31. Bd3 Be6 32. Rg7+
Kf6 33. Rxh7 Bxa2 34. Rh6+ Ke5 35. Rh5+ Kd4 36. Kd2 Rb2 37. Rf5 Bd5 38. Rxf4+
Kc5 39. Ra4 Kb6 40. Kc1 Ra2 41. Rh4 Ra1+ 42. Kb2 Rg1 43. Rh6+ Kc7 44. Ra6 Rg2
45. Rxa5 Kd6 46. Ra6+ Ke5 47. Rh6 Bf7 48. Kc3 Rg8 49. Rh7 Be6 50. Rh5+ Kf4 51.
Rh6 Bg4 52. Bc4 Re8 53. Kd4 Kg5 54. Rh7 Bf5 55. Rg7+ Kf4 56. Rg2 Kf3 57. Bd5+
Kf4 58. Rf2+ Kg5 59. c4 Rh8 60. c5 Rh4+ 61. Ke5 Bg4 62. Be6 1-0

[Event "em-team men"]
[Site "?"]
[Date "2003.10.18"]
[Round "7.12"]
[White "Cekro, Ekrem"]
[Black "Pelletier, Yannick"]
[Result "1-0"]
[WhiteElo "2433"]
[BlackElo "2604"]
[PlyCount "107"]
[EventDate "2003.10.18"]

1. c4 Nf6 2. g3 e5 3. Bg2 d5 4. cxd5 Nxd5 5. Nc3 Nb6 6. Nf3 Nc6 7. O-O Be7 8.
Rb1 Bf5 9. d3 O-O 10. a3 a5 11. Be3 Re8 12. Nd2 Rb8 13. Nb3 Qd7 14. Rc1 Bh3 15.
Bxh3 Qxh3 16. Bxb6 cxb6 17. Nd5 Bd8 18. Nd2 Re6 19. Re1 Rd6 20. Ne3 b5 21. Nef1
Qd7 22. Ne4 Rh6 23. Rc5 Bb6 24. Rc1 a4 25. b4 axb3 26. Qxb3 Nd4 27. Qb2 Rc6 28.
Kg2 Rbc8 29. Rxc6 bxc6 30. e3 Ne6 31. Qxe5 Qxd3 32. Nfd2 Ba5 33. Rc1 Rd8 34.
Nf3 Bc7 35. Qf5 Rd5 36. Rc3 Qxc3 37. Qxd5 Qc2 38. Qf5 Qb3 39. Neg5 Nf8 40. Qc8
Bd6 41. Nd4 Qd5+ 42. Ngf3 Bxa3 43. Nxc6 Bd6 44. Ncd4 g6 45. Qd8 b4 46. e4 Qc5
47. Qf6 Be7 48. Qf4 Qd6 49. Qc1 Ne6 50. Qc8+ Qd8 51. Nc6 Qxc8 52. Nxe7+ Kf8 53.
Nxc8 b3 54. Nd2 1-0

[Event "em-team men"]
[Site "?"]
[Date "2003.10.18"]
[Round "7.13"]
[White "Atalik, Suat"]
[Black "Godena, Michele"]
[Result "1/2-1/2"]
[WhiteElo "2570"]
[BlackElo "2523"]
[PlyCount "63"]
[EventDate "2003.10.18"]

1. d4 d5 2. Nf3 Nf6 3. c4 c6 4. Nc3 a6 5. e3 e6 6. Bd2 c5 7. cxd5 exd5 8. dxc5
Bxc5 9. g3 Nc6 10. Bg2 O-O 11. O-O Bg4 12. h3 Be6 13. Rc1 Ba7 14. Ne2 Ne4 15.
Bc3 Rc8 16. Nf4 {Diagram #} 16... Nxg3 17. fxg3 Bxe3+ 18. Kh2 Bxc1 19. Qxc1 d4
20. Rd1 Bxa2 21. Qa1 Bd5 22. Nxd4 Bxg2 23. Nxc6 Qc7 24. Na7 Ra8 25. Nxg2 Rxa7
26. Qa4 b5 27. Qd4 f6 28. Re1 Qd7 29. Qb6 Qc7 30. Qe3 Raa8 31. Nf4 Qc6 32. Qd4
1/2-1/2

[Event "em-team men"]
[Site "?"]
[Date "2003.10.18"]
[Round "7.13"]
[White "Arlandi, Ennio"]
[Black "Kurajica, Bojan"]
[Result "0-1"]
[WhiteElo "2438"]
[BlackElo "2557"]
[PlyCount "52"]
[EventDate "2003.10.18"]

1. d4 e6 2. c4 Bb4+ 3. Bd2 Qe7 4. g3 f5 5. Bg2 Nf6 6. Nc3 O-O 7. Nf3 c6 8. a3
Bxc3 9. Bxc3 d6 10. O-O Ne4 11. Qc2 Nd7 12. b4 Nxc3 13. Qxc3 e5 14. e3 e4 15.
Nd2 Nf6 16. a4 Be6 17. b5 c5 18. d5 Bd7 19. f3 exf3 20. Bxf3 Be8 21. Rae1 Bg6
22. Bd1 Rae8 23. Rf4 Nd7 24. Bc2 Ne5 25. h3 Qf6 26. Kg2 Nf3 0-1

[Event "em-team men"]
[Site "?"]
[Date "2003.10.18"]
[Round "7.14"]
[White "Lauk, Ular"]
[Black "Fox, Anthony"]
[Result "1-0"]
[WhiteElo "2380"]
[BlackElo "2126"]
[PlyCount "149"]
[EventDate "2003.10.18"]

1. e4 e5 2. Nf3 Nc6 3. Bb5 a6 4. Ba4 Nf6 5. O-O Be7 6. Re1 b5 7. Bb3 d6 8. c3
O-O 9. h3 Bb7 10. d4 Re8 11. Nbd2 Bf8 12. d5 Nb8 13. Nf1 h6 14. Ng3 Nbd7 15.
Nh2 g6 16. Ng4 Nxg4 17. hxg4 Bg7 18. f3 Kh7 19. Be3 Bf6 20. Qe2 Bg5 21. Bf2 Qe7
22. Nf1 c5 23. dxc6 Bxc6 24. Ne3 Nc5 25. Bd5 Qb7 26. Bxc6 Qxc6 27. Nd5 Ne6 28.
Rad1 Nf4 29. Nxf4 Bxf4 30. Rd5 Bg5 31. Red1 Re6 32. Qd3 Rd8 33. Bc5 Be7 34. Be3
Bg5 35. Bxg5 hxg5 36. Qe3 f6 37. Qa7+ Kg8 38. Rc5 Qxc5+ 39. Qxc5 dxc5 40. Rxd8+
Kf7 41. b3 Rc6 42. Kf2 c4 43. b4 Ke7 44. Ra8 Rd6 45. Ke2 Kf7 46. Ra7+ Kf8 47.
Rc7 Kg8 48. Rc5 Rd3 49. Rc6 Rxc3 50. Rxf6 Rc2+ 51. Ke3 Rxa2 52. Rxg6+ Kf7 53.
Rxg5 Ra3+ 54. Kd2 Kf6 55. Rf5+ Ke6 56. g5 Ra2+ 57. Kc3 Rxg2 58. Rf6+ Ke7 59.
Rxa6 Rxg5 60. Rb6 Rg3 61. Rxb5 Rxf3+ 62. Kxc4 Kd6 63. Rb6+ Kc7 64. Re6 Rf1 65.
Rxe5 Rc1+ 66. Kb5 Re1 67. Rc5+ Kb7 68. e5 Re2 69. Kc4 Re4+ 70. Kd5 Rxb4 71. e6
Rb1 72. e7 Re1 73. Kd6 Rd1+ 74. Ke6 Re1+ 75. Re5 1-0

[Event "em-team men"]
[Site "?"]
[Date "2003.10.18"]
[Round "7.15"]
[White "Haznedaroglu, Kivanc"]
[Black "Genov, Petar"]
[Result "0-1"]
[WhiteElo "2305"]
[BlackElo "2494"]
[PlyCount "92"]
[EventDate "2003.10.18"]

1. e4 c6 2. d4 d5 3. Nc3 dxe4 4. Nxe4 Bf5 5. Ng3 Bg6 6. h4 h6 7. Nf3 Nf6 8. Ne5
Bh7 9. Bc4 e6 10. Qe2 Nd5 11. Bb3 Nd7 12. Bd2 Nxe5 13. dxe5 a5 14. a4 Bb4 15.
O-O-O Bxd2+ 16. Rxd2 Qc7 17. Nh5 O-O 18. g4 Bg6 19. Ng3 Rad8 20. Bxd5 Rxd5 21.
f4 Rfd8 22. Rhd1 Qe7 23. h5 Bh7 24. Rxd5 cxd5 25. Rd4 Rc8 26. c3 Qc5 27. Kd1
Bb1 28. Ke1 Rb8 29. g5 b5 30. Qg4 bxa4 31. gxh6 g6 32. hxg6 Bxg6 33. h7+ Kh8
34. f5 exf5 35. Qg5 Qc6 36. Ne2 Qe6 37. Nf4 Qxe5+ 38. Kf1 a3 39. bxa3 Rb1+ 40.
Kg2 Rb2+ 41. Kf3 Kxh7 42. Nxg6 fxg6 43. Rh4+ Kg7 44. Qh6+ Kf7 45. Rd4 Rh2 46.
Qg5 Qe2+ 0-1

[Event "em-team men"]
[Site "?"]
[Date "2003.10.18"]
[Round "7.16"]
[White "Zapolskis, Antanas"]
[Black "Thorfinnsson, Bjorn"]
[Result "1-0"]
[WhiteElo "2375"]
[BlackElo "2351"]
[PlyCount "47"]
[EventDate "2003.10.18"]

1. e4 e5 2. Nf3 Nc6 3. Bc4 Bc5 4. b4 Bxb4 5. c3 Ba5 6. d4 exd4 7. O-O Bb6 8.
cxd4 d6 9. h3 Qf6 10. e5 dxe5 11. dxe5 Qg6 12. Bd3 Qh5 13. Nbd2 Be6 14. Ne4
Nxe5 15. Bb5+ Nd7 16. Bxd7+ Bxd7 17. Ng3 Qc5 18. Re1+ Be6 19. Ne4 Qe7 20. Bb2
Nf6 21. Qa4+ c6 22. Ba3 Qd7 23. Nd6+ Kf8 24. Ne5 {Diagram #} 1-0

[Event "em-team men"]
[Site "?"]
[Date "2003.10.18"]
[Round "7.17"]
[White "Neubauer, Martin"]
[Black "Mannion, Stephen R"]
[Result "1/2-1/2"]
[WhiteElo "2434"]
[BlackElo "2348"]
[PlyCount "43"]
[EventDate "2003.10.18"]

1. e4 e5 2. Nf3 Nc6 3. Bb5 a6 4. Ba4 Nf6 5. O-O Be7 6. d3 b5 7. Bb3 O-O 8. a4
Bb7 9. Nc3 b4 10. Ne2 Na5 11. Ba2 d6 12. Ng3 Rb8 13. Nf5 c5 14. Bd2 Bc8 15.
N3h4 Be6 16. Qf3 Nc6 17. Bg5 Nd4 18. Nxd4 cxd4 19. Bc4 Bxc4 20. dxc4 g6 21. Bh6
Re8 22. b3 1/2-1/2

[Event "em-team men"]
[Site "?"]
[Date "2003.10.18"]
[Round "7.17"]
[White "Muir, Andrew J"]
[Black "Weiss, Christian"]
[Result "1-0"]
[WhiteElo "2294"]
[BlackElo "2402"]
[PlyCount "93"]
[EventDate "2003.10.18"]

1. d4 Nf6 2. c4 c5 3. d5 b5 4. cxb5 a6 5. bxa6 Bxa6 6. Nc3 g6 7. Nf3 d6 8. g3
Bg7 9. Bg2 O-O 10. O-O Nbd7 11. Rb1 Qa5 12. Bd2 Rfb8 13. Qc2 Qc7 14. b3 Nb6 15.
Nh4 Qb7 16. Rfd1 Nfxd5 17. Nxd5 Nxd5 18. Bh6 e6 19. Bxg7 Kxg7 20. e4 Nb4 21.
Qc3+ Kg8 22. Rxd6 Qc7 23. Rbd1 Rd8 24. e5 Nd5 25. Bxd5 exd5 26. R1xd5 Rxd6 27.
exd6 Qd7 28. Qf6 Bb7 29. Re5 Qg4 30. f3 Qd4+ 31. Kg2 h5 32. Nxg6 Rxa2+ 33. Kh3
Bc8+ 34. g4 Bxg4+ 35. Kh4 Be6+ 36. Nf4 Rg2 37. Rg5+ Rxg5 38. Qxd4 cxd4 39. Kxg5
Bd7 40. Kf6 Kf8 41. Ke5 Bc6 42. Kxd4 Bxf3 43. Nd5 Ke8 44. Nf6+ Kd8 45. h4 Kc8
46. Kc5 Kb7 47. b4 1-0

[Event "em-team men"]
[Site "?"]
[Date "2003.10.18"]
[Round "7.18"]
[White "Zeidler, Sven P"]
[Black "Kotronias, Vasilios"]
[Result "0-1"]
[WhiteElo "2246"]
[BlackElo "2626"]
[PlyCount "98"]
[EventDate "2003.10.18"]

1. e4 c5 2. Nc3 Nc6 3. f4 g6 4. Nf3 Bg7 5. Bb5 Nd4 6. O-O a6 7. Bd3 d6 8. Nxd4
cxd4 9. Ne2 e5 10. c3 dxc3 11. dxc3 Nf6 12. Qe1 O-O 13. Qh4 d5 14. exd5 e4 15.
Bc2 Qxd5 16. h3 Re8 17. f5 gxf5 18. Bh6 Bxh6 19. Qxh6 Qe5 20. Nd4 Kh8 21. Bb3
Be6 22. Qf4 Qxf4 23. Rxf4 Nh5 24. Rh4 Ng7 25. Re1 Rad8 26. Kf2 Bxb3 27. axb3
Re5 28. Rf4 Rdd5 29. g4 Ne6 30. Rxf5 Nxd4 31. Rxe5 Rxe5 32. cxd4 Rb5 33. Rd1
Kg7 34. d5 Kf8 35. d6 Ke8 36. Rd4 e3+ 37. Kxe3 Rxb3+ 38. Kf4 Rxb2 39. Kf5 b5
40. Kf6 Kd7 41. Ke5 Re2+ 42. Kd5 f6 43. Kc5 Rc2+ 44. Kb6 Rc6+ 45. Ka5 Rxd6 46.
Rf4 Ke6 47. Rf5 Kf7 48. h4 Kg7 49. g5 Kg6 0-1

[Event "em-team men"]
[Site "?"]
[Date "2003.10.18"]
[Round "7.18"]
[White "Klerides, Paris"]
[Black "Gandy, Andrew"]
[Result "1-0"]
[WhiteElo "2174"]
[BlackElo "2104"]
[PlyCount "37"]
[EventDate "2003.10.18"]

1. e4 e5 2. Nf3 Nc6 3. Bb5 a6 4. Ba4 Nf6 5. O-O b5 6. Bb3 Bb7 7. Re1 Bc5 8. c3
d6 9. d4 Bb6 10. Bg5 h6 11. Bh4 g5 12. Bg3 O-O 13. a4 Re8 14. Qd3 exd4 {
Diagram #} 15. e5 Ng4 16. Qg6+ Kh8 17. Bxf7 dxe5 18. h3 Ne7 19. Bxe5+ 1-0

[Event "em-team men"]
[Site "?"]
[Date "2003.10.18"]
[Round "7.2"]
[White "Avrukh, Boris"]
[Black "Guseinov, Gadir"]
[Result "1/2-1/2"]
[WhiteElo "2609"]
[BlackElo "2557"]
[PlyCount "38"]
[EventDate "2003.10.18"]

1. d4 Nf6 2. c4 g6 3. Nf3 Bg7 4. g3 O-O 5. Bg2 d6 6. Nc3 Nc6 7. O-O a6 8. Qd3
e5 9. dxe5 dxe5 10. Qxd8 Rxd8 11. Bg5 Be6 12. Nd2 h6 13. Bxf6 Bxf6 14. Nd5 Bxd5
15. cxd5 Nb4 16. Ne4 Nxd5 17. Nxf6+ Nxf6 18. Bxb7 Ra7 19. Bc6 Rd2 1/2-1/2

[Event "em-team men"]
[Site "?"]
[Date "2003.10.18"]
[Round "7.2"]
[White "Ibrahimov, Rasul"]
[Black "Roiz, Michael"]
[Result "1/2-1/2"]
[WhiteElo "2478"]
[BlackElo "2549"]
[PlyCount "25"]
[EventDate "2003.10.18"]

1. e4 c5 2. c3 e6 3. d4 d5 4. exd5 exd5 5. Nf3 Nc6 6. Bb5 Bd6 7. dxc5 Bxc5 8.
O-O Nge7 9. Nbd2 O-O 10. Nb3 Bb6 11. Bd3 h6 12. h3 Ng6 13. Re1 1/2-1/2